000 00424nam a2200181Ia 4500
001 16361
005 20260306170303.0
008 260306t2014||||xx |||||||||||||| ||und||
041 _aESP
082 _a348.54
_bE92
100 _aEsteve Pardo, José
_eAUT
245 0 _aDerecho del medio ambiente
260 _c2014
300 _a271 páginas :
_c24 cm.
650 _aGEN
654 _aCDE
942 _cLIB
_dJUS
_fJUS
_2ddc
_n
999 _c16361
_d16361